[Event "Balatonbereny GM"]
[Site "Balatonbereny"]
[Date "1996.??.??"]
[Round "7"]
[White "Horvath, Jozsef"]
[Black "Palkovi, Jozsef"]
[Result "1-0"]
[WhiteElo "2505"]
[BlackElo "2480"]
[Annotator "Rogozenco,D"]
[PlyCount "83"]
[EventDate "1996.06.13"]
[EventType "tourn"]
[EventRounds "11"]
[EventCountry "HUN"]
[EventCategory "11"]
[SourceTitle "CBM 055"]
[Source "ChessBase"]
[SourceDate "1996.12.01"]
[SourceVersion "1"]
[SourceVersionDate "1996.12.01"]
[SourceQuality "1"]

1. d4 {Stohl} Nf6 2. c4 e6 3. Nf3 c5 4. d5 exd5 5. cxd5 d6 6. Nc3 g6 7. h3 Bg7
8. e4 O-O 9. Bd3 b5 10. Nxb5 {Nowdays more popular than 10.Bb5, which leads to
many simple positions with minimum fighting resources.} Re8 11. O-O Nxe4 12.
Qb3 {A new move, first met in the game Epishin-Nepomniaschy/St.Petersburg/96
which seems to be make Black facing new problems in this variation.} (12. Re1 {
Stohl Survey CBM 55} a6 13. Qa4 Bd7 (13... Nd7 $1 {Lobron-Topalov/Dortmund/96})
14. Qa3 Qb6 15. Nc3 Nxc3 16. Rxe8+ Bxe8 17. bxc3 Nd7 18. Rb1 Qc7 19. Bf4 Nf6
20. Qb3 Bd7 21. c4 Ne8 22. Qb6 $16 {Bacrot-Palkovi/Balatonbereny/96}) (12. Bxe4
{Stohl Survey CBM 55}) 12... a6 13. Na3 a5 $6 (13... Nd7 14. Nc4 Rb8 (14...
Ndf6 15. Re1 Ra7 16. Qb6 $14 {Epishin-Nepomniaschy/St Petersburg/96} (16. Qb6
Qxb6 17. Nxb6 Bf5 18. a4 a5 19. Bb5 Rb8 20. g4 Rxb6 21. gxf5 Rbb7 22. Ra3 Re7
23. fxg6 hxg6 24. Rae3 Bh6 25. Rxe4 Rxe4 26. Bxh6 Rxe1+ 27. Nxe1 $16 {Epishin,
V-Nepomnishay,MI/St.Petersburg-ch/1996/})) 15. Qc2 f5 {Karpov-Kamsky/w-ch(15)/
96} (15... f5 {Stohl} 16. Bf4 Nb6 17. Nxb6 Qxb6 18. Rab1 Bd7 19. Nd2 Nxd2 20.
Qxd2 Bd4 21. Rfe1 Rxe1+ 22. Qxe1 Re8 23. Qd2 a5 24. b3 Be5 25. a3 Bb5 $10 {
Karpov,An-Kamsky,G (15)/Fide-Wch (Elista)/1996/})) 14. Re1 (14. Bb5 {Stohl} Bd7
15. Bxd7 Nxd7 16. Nc4 a4 $36) 14... a4 {This plan, willing to win space on the
queenside, must be carefully calculated-White has development advantage.In
this game Black didn't succeed to develop his pieses without material wastes.}
15. Qc2 Nf6 16. Bg5 (16. Rxe8+ {Stohl} Nxe8 17. Nc4 Bb7 $132 {[%csl Rd5] ><d5})
16... Bd7 (16... h6 {Stohl} 17. Rxe8+ Qxe8 18. Re1 $36) 17. Nc4 Qc7 18. Qd2 (
18. Bf4 Rxe1+ (18... Bf8) 19. Rxe1 Nxd5 $2 20. Bxd6 $16) 18... Bb5 $2 (18...
Nxd5 $2 19. Rxe8+ (19. Be4 $16) 19... Bxe8 20. Be4 $18) (18... Na6) (18... Na6
$142 {Stohl} 19. Bf4 (19. Qf4 Nb4 $1 $132) (19. a3 Rab8 $13) 19... Bf8 20. Bg5
(20. Ne3 Nb4 $15) 20... Bg7 $10) 19. Nxd6 Qxd6 (19... Rxe1+ 20. Rxe1 Bxd3 (
20... Qxd6 21. Bxb5 Nbd7 22. Bc6 $16) 21. Bxf6 (21. Ne8 $1 Qd8 22. Nxg7 $5 Bb5
23. Ne8 Bxe8 24. Bxf6 Qxf6 25. Rxe8+ $18) 21... Qxd6 (21... Bxf6 22. Ne8) 22.
Re8+ Bf8 23. Be7 $18) 20. Bxb5 {[%csl Gb5,Gd5,Gg5] With a strong extra passed
pawn and the B-pair the game is decided in White's favour.} Rd8 21. Rad1 $18
Nbd7 (21... Qxd5 22. Qxd5 Rxd5 23. Rxd5 Nxd5 24. Re8+ Bf8 25. Bh6 $18) 22. Bc6
Ra7 23. Bf4 Qf8 24. Qc2 a3 (24... Nb6 25. d6 $18) 25. bxa3 Rxa3 26. Ne5 Nb6 $2
(26... Nxe5 27. Bxe5 {[%cal Rc2b2] /\Qb2+-}) 27. Qb2 Ra6 28. Qb5 Ra4 29. Nd3
Nfxd5 (29... c4 30. Qxb6 cxd3 31. Bxa4 Nxd5 32. Qxd8 $5 Qxd8 33. Re8+ Qxe8 34.
Bxe8 Nxf4 35. Kf1 $18 {[%cal Rg2g3] /\g3}) 30. Bxd5 Rxd5 (30... Nxd5 31. Qxa4
Nc3 32. Qc2 $18) 31. Re8 Rxf4 32. Rxf8+ {Black will have only one R for the Q,
he is lost.} Bxf8 33. Qxb6 Rfd4 (33... c4 34. Nxf4 Rxd1+ 35. Kh2 Bd6 36. g3 Rd2
37. Kg2 $18) 34. Qb1 c4 35. Nb2 c3 36. Rxd4 Rxd4 37. Nd3 Rc4 38. Qb3 Rc8 39.
Ne1 Bd6 40. Kf1 Be5 41. Nc2 Rd8 42. a4 {[%cal Ra4a7] /\a5-a6} (42. a4 Rd1+ 43.
Ke2 Rd2+ 44. Ke1) 1-0

[Event "Wichern op 5th"]
[Site "Hamburg"]
[Date "1999.10.18"]
[Round "5.27"]
[White "Richter, Michael"]
[Black "Pajeken, Wolfgang"]
[Result "0-1"]
[WhiteElo "2410"]
[BlackElo "2314"]
[Annotator "Sander,R"]
[PlyCount "81"]
[EventDate "1999.10.15"]
[EventType "swiss"]
[EventRounds "9"]
[EventCountry "GER"]
[SourceTitle "EXT 2001"]
[Source "ChessBase"]
[SourceDate "2000.11.22"]
[SourceVersion "1"]
[SourceVersionDate "2000.11.22"]
[SourceQuality "1"]

1. d4 Nf6 2. c4 c5 3. d5 e6 4. Nc3 exd5 5. cxd5 d6 6. e4 g6 7. h3 Bg7 8. Nf3
O-O 9. Bd3 b5 10. Nxb5 Re8 11. O-O Nxe4 12. Re1 a6 13. Na3 Nf6 14. Rxe8+ Nxe8
15. Nc4 Bb7 16. Ne3 Nd7 17. Bd2 Rb8 18. Bc3 Ndf6 19. Bc4 Nc7 20. a4 Ne4 21.
Bxg7 Kxg7 22. Qd3 Nf6 23. g4 h6 24. Re1 Kg8 25. Nh4 Nd7 26. Nf3 (26. Nxg6 $1
Nb6 (26... fxg6 $2 27. Qxg6+ Kh8 28. Qxh6+ Kg8 29. Nf5 Qf6 30. Ne7+ Kf7 31.
Qh7+ Qg7 32. Qh5+ Kf8 33. Ng6+ Kg8 34. Re7)) 26... Qf6 27. Kg2 Qxf3+ 28. Kxf3
Ne5+ 29. Ke2 Nxd3 30. Kxd3 a5 31. Rc1 Na6 32. b3 Nb4+ 33. Kd2 Re8 34. Rd1 Re5
35. Ke2 Nc2 36. Rd2 Nxe3 37. fxe3 Kg7 38. Kf3 f5 39. gxf5 Rxf5+ 40. Kg3 Rg5+
41. Kf3 (41. Kf4 Kf6 42. e4 Rh5 43. Rf2 Bc8 44. Bf1 Re5 45. Be2 Re8 46. Bg4
Bxg4 47. hxg4 Rb8 48. e5+ Ke7 49. e6 Rb4+ 50. Ke3 Rxb3+ 51. Ke4 Rb4+ 52. Ke3
Rb3+ 53. Ke4 Rb4+ 54. Ke3 Rd4 55. Rf7+ Ke8 56. Rg7 Rxd5 57. Rxg6 Rg5 58. Rxh6
Rxg4 59. Rh7 Rxa4 60. Ra7 Rd4 61. Rc7 a4 62. Ra7 a3) 0-1

[Event "Bern"]
[Site "Bern"]
[Date "1991.??.??"]
[Round "5"]
[White "Cramling, Pia"]
[Black "Gavrikov, Viktor"]
[Result "1/2-1/2"]
[WhiteElo "2470"]
[BlackElo "2580"]
[Annotator "Schussler,H"]
[PlyCount "42"]
[EventDate "1991.02.??"]
[EventType "tourn"]
[EventRounds "9"]
[EventCountry "SUI"]
[EventCategory "9"]
[SourceTitle "CBM 022"]
[Source "ChessBase"]
[SourceDate "1991.06.01"]
[SourceVersion "1"]
[SourceVersionDate "1991.06.01"]
[SourceQuality "1"]

1. d4 Nf6 2. c4 e6 3. Nf3 c5 4. d5 exd5 5. cxd5 d6 6. e4 a6 {7. - Nxe4?? 8.Qa4
+ -} 7. h3 g6 8. Bd3 Bg7 9. O-O O-O 10. Re1 Re8 11. Nc3 b5 12. Bf4 {
Transposing to Sosonko`s earlier pet-line against the Modern Benoni. The line
usually arises from 7.Bf4.} Ra7 13. a3 h6 14. Qd2 g5 15. Bh2 Qb6 16. e5 dxe5
17. Nxe5 Rae7 18. d6 Re6 19. Ng4 Rxe1+ 20. Rxe1 Rxe1+ 21. Qxe1 Bxg4 1/2-1/2

[Event "VEN-ch"]
[Site "Lecheria"]
[Date "2015.03.13"]
[Round "3"]
[White "Marichal Gonzalez, Ariel"]
[Black "Guerrero Vargas, Andres Jesus"]
[Result "0-1"]
[WhiteElo "2361"]
[BlackElo "2337"]
[Annotator "Sequeda,N"]
[PlyCount "63"]
[EventDate "2015.03.12"]
[EventType "tourn"]
[EventRounds "11"]
[EventCountry "VEN"]
[EventCategory "1"]
[SourceTitle "CBM 165 Extra"]
[Source "ChessBase"]
[SourceDate "2015.04.21"]
[SourceVersion "1"]
[SourceVersionDate "2015.04.21"]
[SourceQuality "1"]

1. d4 Nf6 2. c4 e6 3. Nc3 c5 4. d5 exd5 5. cxd5 d6 6. e4 g6 7. Bd3 {Aunque
teórica probablemente no es la mejor continuación en esta posición. El
problema es que el alfil se encuentra mal posicionado en d3 luchando contra su
propio peón de e4 y contra una sólida cadena de peones del negro (f7,g6,h7) y
en la mayoría de casos es necesaria su presencia para custodiar el flanco de
rey} (7. Qc2 $5) (7. Bg5) (7. a4) ({Si ahora} 7. f4 Bg7 8. Bb5+ Nfd7 9. Nf3 a6
10. Bxd7+ Nxd7 11. O-O b5 12. f5 {con igualdad}) 7... Bg7 8. h3 $5 {Acortando
los movimientos del alfil de casillas claras del enemigo. Por otra parte el
caballo se quega sin un buen salto hasta g4 vía e5} ({Otra posibilidad es} 8.
Nge2 O-O 9. O-O a6 10. a4 Re8 {con buen juego para ambos}) 8... O-O ({Otra
forma de desarrollo es} 8... a6 9. a4 Nbd7 10. Nf3 O-O) 9. Nf3 Nh5 $5 {Una
jugada de "motor" tratando deevitar las líneas con Ag5 del blanco y
oponiendose a la maniobra de consolidación del blanco mediante Cd2, f4, a4 Cc4.
Sinembargo el caballo no está bien ubicado en h5 y pronto deberá emigrar
nuevamente hacia su casilla natural en f6} (9... a6 10. a4 Nbd7 11. Bg5 Re8 12.
Qc2 Ne5 13. Nd2 h6 14. Be3 Nxd3+ 15. Qxd3 b6 16. Bf4 {con mjeor juego del
blanco}) 10. O-O ({Si} 10. Bg5 Bf6 11. Be3 Nd7 12. O-O a6 (12... Ne5 13. Be2
Nxf3+ 14. Bxf3 Ng7 15. Bf4 Re8 16. Qd2 (16. Re1) 16... Rb8 17. a4 (17. Nb5)
17... Be5 {con juego parejo como en la partida Stefansson,H (2536)-Ivanisevic,
I (2613)/Tromso 2014}) 13. Nd2 Bg5 14. f4 Bh4 15. a4 {con juego muy movido})
10... Re8 (10... Nd7) 11. Be3 ({Mejor} 11. a4) 11... Nd7 12. Qd2 {El plan de
desarrollo escogido por el blnco no es el más consecuente y beneficioso y las
negras no tienen problema alguno en su proceder para igualar} (12. Re1 Ne5 13.
Be2 Nxf3+ 14. Bxf3 Nf6 15. Bg5) 12... Ne5 (12... a6 13. a4 Ne5 $11) 13. Be2
Nxf3+ 14. Bxf3 Nf6 15. a4 (15. Bg5 $1 a6 16. Qf4 {inyenctando presión a la
posición}) 15... Nd7 $1 {Típica maniobra de consolidación central} ({Tambien
es buena} 15... a6 16. Bg5 Qc7 17. Rfe1 Nd7 18. Bh6 Bxh6 19. Qxh6 Ne5 20. Be2
f5 {con igualdad}) 16. Rfe1 ({Era interesante} 16. Be2 Bxc3 $1 17. bxc3 Rxe4
18. Rfe1 $1 Nb6 (18... Rb8 19. Bf4 Nf6 20. Bg5 Re5 21. Bf3) 19. a5 Nd7 20. Bg5
f6 21. Bf4 Qf8 (21... Nf8 22. Bd3 $14) 22. Bb5 $14) 16... a6 (16... Nb6 $5) 17.
Rab1 $6 (17. Bf4 Ne5 18. Be2 f5 19. a5) 17... Qa5 18. Bh6 $6 {Una jugada
mecánica, sin conocimiento del plan temático de juego} ({Si ahora} 18. Bf4 Ne5
19. Be2 f5 {y las negras están mejor. La diferencia es que la torre blanca se
encuentra en prize en b1}) 18... Bh8 $5 {El negro responde igulmente con una
jugada mecánica obviando otras posibilidades de interés} ({Por ejemplo} 18...
Ne5 19. Be2 Bxh6 20. Qxh6 f5 $1 {con excelente posición}) ({tambien servía} 
18... Be5 19. Bf4 Bxf4 20. Qxf4 Ne5 21. Re3 (21. Be2 f5) 21... b5 {con
contrajuego}) 19. Be2 Ne5 (19... Be5) 20. f4 $5 {No es el momento de debilitar
la posición. Frecuentemente vemos como jugadores experimentados se desesperan
en situaciones de carácter posicional buscado resolver el juego con
irreverentes tácticas. Veamos como el MF Guerrero podría explotar de manera
instructiva esta situación} Nd7 21. e5 $2 {Nuevamente las blancas erróneamente
tratan de colocar la partida en un agujero negro masivo} ({Lo correcto era} 21.
f5 Qb4 $1 22. Kh1 Be5 (22... b6 23. fxg6 hxg6 24. Bf4 Ne5 25. Rf1 Bd7 26. Qc2
f5 27. Bd2 $11) 23. Bd3 b5 24. axb5 c4 25. Bc2 axb5 26. Bf4 Bf6 {las blancas
no estarían mal}) 21... dxe5 22. d6 {Las blancas no tienen suficiente
actividad para optar por un juego de gambito y mas bien lo que hacen es
colocarle al negro claros objetivos de ataque para su dominio} Nb6 $1 ({
En cambio no es clara} 22... Bg7 23. Bxg7 Kxg7 24. Bg4 c4 25. Kh2 h5 26. Be2
Qb4 27. f5 $1) 23. Bf3 (23. Bd3 f5 24. Bc2 Bd7 25. fxe5 Bxe5 $17) 23... Bf5 $2
({Más fuerte es} 23... Bd7 24. Bxb7 Rab8 25. Bd5 e4 26. Rxe4 Rxe4 27. Bxe4 Bd4+
28. Kh2 Nc4 {dominando todo el tablero}) 24. Bxb7 $5 Rad8 $1 ({A un juego muy
interesante hubira llevado} 24... Rab8 25. Be4 Bxe4 (25... Nc4 $6 26. Qd3 Nxb2
27. Rxb2 $1 Rxb2 28. Bxf5 c4 29. d7 $1 Rd8 30. Qe3 Rb3 31. Rc1 {y las blancas
pasan a comandar la lucha}) 26. Rxe4 c4 27. Kh1 $14) 25. Bc6 $2 {Esto pierde} (
{Lo más resistente era} 25. Rbd1 $1 exf4 (25... Bd7 26. fxe5 Rxe5 27. Rxe5 Bxe5
28. Qe2 f6 (28... Bd4+ 29. Rxd4 cxd4 30. Nd5 Nxd5 31. Qe5 $18) 29. Bxa6 Re8 30.
Qf1 Qb4 31. Bb5 $14) 26. Rxe8+ Rxe8 27. Qxf4 Be5 28. Qf3 {y las negras deben
encontrar los mejores movimientos para consolidar su débil ventaja}) 25... Re6
26. Rbd1 c4 $5 (26... Rdxd6 27. Qf2 Rd4 28. Ne2 Rdd6 29. Ng3 Bg7 $15) (26... e4
27. Qc1 Nc8 28. Kh2 Bd4 29. Nxe4 Bxe4 30. Bxe4 Nxd6 31. Bc2 Rxe1 32. Rxe1 c4
33. Bg5 f6 34. Bh4 Qb6 $15) 27. fxe5 $2 {En un momento crítico las blancas
pierden material y con ello la partida} (27. Qf2 Rexd6 28. fxe5 Rxd1 29. Rxd1
Rxd1+ 30. Nxd1 Nd7 31. Ne3 Nxe5 32. Bd5 Bd3 33. Qh4 Qc7) (27. Nd5 Qc5+ 28. Qe3
Qxc6 29. Ne7+ Rxe7 30. dxe7 Re8 31. Rd8 Nc8 32. fxe5 Nxe7 33. Qd4) 27... Qc5+
28. Qf2 Qxc6 29. a5 Nc8 30. g4 (30. Bg5) 30... Bd3 31. Rf1 $2 (31. Bf4) 31...
Bxf1 32. Rxf1 {y las blancas abandonaron sin esperar respuesta} 0-1

[Event "Yalta op"]
[Site "Yalta"]
[Date "1995.??.??"]
[Round "6"]
[White "Kiriakov, Petr"]
[Black "Moskalenko, Viktor"]
[Result "1-0"]
[WhiteElo "2480"]
[BlackElo "2525"]
[Annotator "Shipov,S"]
[PlyCount "101"]
[EventDate "1995.??.??"]
[EventType "swiss"]
[EventRounds "9"]
[EventCountry "UKR"]
[SourceTitle "CBM 047 Extra"]
[Source "ChessBase"]
[SourceDate "1995.09.01"]
[SourceVersion "1"]
[SourceVersionDate "1995.09.01"]
[SourceQuality "1"]

1. d4 Nf6 2. c4 c5 3. d5 e6 4. Nc3 exd5 5. cxd5 d6 6. Nf3 g6 7. h3 Bg7 8. e4
O-O 9. Bd3 a6 (9... b5) 10. a4 Nbd7 (10... Re8 11. O-O Nbd7 12. Re1 $5 Nh5 13.
Be3 Rb8 (13... Ne5 14. Be2) 14. Rc1 Ne5 15. Be2 Nxf3+ 16. Bxf3 b5 (16... Qh4 $5
) 17. axb5 axb5 18. b4 $1 $16 {Chernin,A-Minasian,A/Lvov/1990/}) 11. O-O Rb8 (
11... Qc7 12. Bf4 Re8 13. Re1 (13. Qd2 Nh5 14. Bh6 Ne5 15. Nxe5 Bxh6 16. Qxh6
dxe5 17. Rfe1 Bd7 18. Bf1 Nf6 19. Qe3 b6 20. Nb1 $14 {Salov,V-Hjartarson,J/
Amsterdam/1989/}) 13... Rb8 14. Bc4 $1 Nb6 (14... Nh5 15. Bh2 Ne5 16. Be2 $1)
15. Bf1 Nfd7 16. a5 Na8 17. Nd2 b5 $5 18. axb6 Naxb6 19. Bxa6 Bxa6 20. Rxa6 Ne5
21. Qc2 c4 $1 $14 {Karpov,A-Timman,J/Kuala Lumpur/1990/}) (11... Re8) (11...
Qe7) 12. Bf4 Qe7 (12... Ne8 13. Qd2 Qe7 {/\Nc7,b5/} 14. Rac1 Nc7 15. b4 $1 b6 (
15... cxb4 16. Na2 $16) (15... b5 $5 16. axb5 cxb4 $1) 16. Ne2 a5 $2 (16... Bb7
$5) 17. bxa5 Na6 18. axb6 Rxb6 19. Nc3 $16 {Chernin,A-Sandic,V/JUG/1988/}) (
12... Qc7 $5 13. Re1 (13. Rc1 $5) 13... Ne5 14. Nxe5 dxe5 15. Be3 Ne8 $1 {
/\Nd6 /}) 13. Re1 Nh5 {N/} (13... Ne8 14. Qd2 b6 (14... Nc7 $32) 15. Rab1 Bb7
16. b4 Rc8 17. bxc5 Nxc5 18. e5 $1 $16 {Sokolin,L-Tseshkovsky,V/Katowice/1991/}
) (13... Re8 $5 14. Rc1 Nh5 15. Bh2 (15. Bg5 Qf8 $1) 15... Ne5 16. Be2 Nxf3+
17. Bxf3 Be5 $14) 14. Bg5 Bf6 15. Be3 $1 Ne5 (15... Re8 16. g4 Ng7 17. g5 $36)
(15... Ng7 $5 16. Nd2 (16. Bf1 $5) 16... Ne5 17. Bf1 g5 $1 $10) 16. g4 $5 Nxf3+
(16... Nxd3 17. Qxd3 Ng7 18. e5 Bxe5 19. Bxc5 $16) (16... Nxg4 17. hxg4 Bxg4
18. Be2 Bxc3 19. bxc3 Qxe4 20. Ng5 $16) (16... Ng7 17. Nxe5 (17. g5 $2 Nxf3+
18. Qxf3 Bxg5) 17... dxe5 $5) 17. Qxf3 Ng7 18. Qg2 $14 h5 $2 (18... g5 $1) 19.
f4 Bd4 (19... hxg4 20. hxg4 g5 $2 21. e5 dxe5 22. Qh3 $18) 20. Bxd4 cxd4 21.
Ne2 $16 Re8 (21... hxg4 22. hxg4 g5 $5) 22. f5 (22. Nxd4 $5 hxg4 23. hxg4 Qh4
24. Be2 Qf6 $1 $132) (22. g5 Qc7 $1 23. Nxd4 Qb6 24. Qf2 Bxh3) 22... hxg4 23.
hxg4 gxf5 24. gxf5 Bxf5 $6 (24... Qe5 25. Qf2 $16) 25. exf5 Qe3+ 26. Kh1 Qxd3
27. f6 Qh7+ 28. Kg1 Re4 (28... Re5 29. Qxg7+ Qxg7+ 30. fxg7 Rbe8 31. Kf2 Rf5+
32. Kg2 Rfe5 33. Kf3 Re3+ (33... Rf5+ 34. Nf4) 34. Kf2 $18) 29. Qxg7+ Qxg7+ 30.
fxg7 Rbe8 31. Kf2 $18 R8e5 32. Ng3 Rf4+ 33. Kg2 Rxd5 34. Re4 $1 Rxe4 35. Nxe4
Kxg7 36. Rd1 b5 37. axb5 Rxb5 38. Rd2 Rb6 (38... d5 39. Nd6 Rb6 40. Nf5+ $18)
39. Kf3 f5 40. Ng3 Kf6 41. Ne2 a5 42. Nxd4 a4 43. Kf4 Ra6 $1 44. Nb5 Ke7 (44...
Rb6 45. Rxd6+ $1 Rxd6 46. Nxd6 Ke6 47. Nxf5 Kd5 48. Ke3 Kc4 49. Nd4 $18) 45.
Kxf5 Kd7 46. Ke4 Rb6 47. Na3 Rb4+ 48. Kd5 Rh4 49. Nb5 Rh5+ 50. Kc4 Rh4+ 51. Rd4
1-0